000 00658nam a2200205Ia 4500
005 20241216011229.0
008 190429s9999||||xx |||||||||||||| ||und||
082 _a636.3
_bV32
100 _aVARGAS GONZALES FRANCISCO
245 0 _aDIAGNOTICO DE LA PRODUCCION OVINA EN LAS EMPRESAS ASOCIATIVAS EN LA MESETA DEL BOMBON DE LA PROVINCIA DE PASCO, EN EL PERIODO 1996 - 2000
250 _a0
260 _aCERRO DE PASCO-PERU
_bUNDAC
_c2005
300 _a188 pag.
_c70 cm.
341 _h0
490 _v0
_a0
505 _aMEJORAMIENTO GENETICO-SELECCION
541 _aD
_bVARGAS GONZALES FRANCISCO
_d23-Nov-06
_oSoles
650 _aZootecnia
942 _cTESIS
999 _c36188
_d36188